000 00594cam5a220021700 4500
001 zam00003347
008 951128s1961 xx eng u
035 _a(Sirsi) r20676
035 _a(MACHINE)SLC.
100 _aChristensen, C. M.
_6A80592.2
245 1 4 _aThe molds and man.
260 _c1961.
949 _aQK601
_wlcc
_mMAIN
_p2500
_tBOOK
_lON-SHELF
004 20676
591 _aClass code: BS 221/222.
591 _aCourse: Introductory biology.
591 _aSchool: S09.
591 _aLecturer: Prof. KAPOORIA, R.G.
591 _aNumber of Students: 103.
909 _aBook
999 _c173179
_d173179